| 000 | 00604nam a2200217Ia 4500 | ||
|---|---|---|---|
| 003 | OSt | ||
| 005 | 20220107122746.0 | ||
| 008 | 130318s9999 xx 000 0 und d | ||
| 020 | _a9781906124120 | ||
| 040 | _cIIITM-K | ||
| 082 | _a658.4063 HOL /B | ||
| 100 |
_aHolt, Jon _95187 |
||
| 245 |
_aA pragmatic guide to business process modelling _cby Jon Holt |
||
| 250 | _a2nd ed. | ||
| 260 |
_bBritish Informatics Society, _aU.K, _c2010. |
||
| 300 | _axxxi, 215p. | ||
| 650 |
_aMANAGEMENT _95188 |
||
| 650 |
_aBUSINESS MANAGEMENT _95189 |
||
| 650 |
_aBUSINESS PROCESS MODELLING _95190 |
||
| 942 |
_2ddc _cBK |
||
| 999 |
_c4176 _d4176 |
||